| 000 | 00872nam0a2200301 i 4500 | ||
|---|---|---|---|
| 001 | RU\NLR\BIBL_A\010854420 | ||
| 005 | 20240725015414.0 | ||
| 010 |
_a9785997334086 _950 |
||
| 021 |
_aRU _b2015-70559 _94222 |
||
| 035 | _a(NILC)RuMoRGB-008018519 | ||
| 035 | _a(NLR Aleph) 010854420 | ||
| 090 |
_a10389419 _c10389419 |
||
| 100 | _a20151002d2015 u y0rusy50 ca | ||
| 101 | 1 | _arus | |
| 102 | _aRU | ||
| 105 | _ay|||z|||000ay | ||
| 200 | 1 |
_aNomen mysticum _fВладимир Внук |
|
| 210 |
_aМосква _cСпутник+ _d2015 |
||
| 215 |
_a169 с. _d21 |
||
| 675 | _a821.161.1 | ||
| 686 | 2 | _aШ6(2=Р)8-440.4 | |
| 700 | 1 |
_aВнук _bВ. К. _gВладимир Константинович |
|
| 801 | 0 |
_aRU _bРГБ _c20150910 _gRCR |
|
| 942 | _cBOOK | ||
| 980 | _aNBR | ||